000 00592nam a2200181 a 4500
008 010312s1995 m yxo 0 slo c
040 _aSNK
_bslo
_cSNK
_eAACR2
041 1 _aslo
044 _axo
_cSK
080 _a908.437.6(084.3)
245 1 0 _aSlovenská republika
_hkartografický dokument
_bZošitové atlasy pre základné a stredné školy
300 _a1 mapa
_bfareb.
651 0 7 _aSlovensko
_xmapy všeobecnozemepisné
_2SNK
923 _avšeobecnozemepisná
_xnástenná
_cpre verejnosť
260 _bVojenský kartagrafický ústav
_aHarmanec
_c1995
020 _c10
958 _aCMP
999 _c19745
_d19745